00320nam a22001337a 4500003000400000005001700004008004100021040000800062050001000070082001000080245004800090260003800138300001000176OSt20260617105709.0260617b |||||||| |||| 00| 0 eng d cDLC bC343G bC343G aGag OrdercCompiled and edited by Gary Cass aFairfax, VA:bXulon Press,c2005. a127p.